Opera omnia in sex tomos distincta, sive Reductorium, repertorium, et dictionarium morale utriusque Testamenti quadripartitum ... Postrema hac editione correctum ... : tribus tomis distinctum. Tomus 3, Pars altera /

Hlavní autor: Berchorius, Petrus, asi 1290-asi 1362
Jazyk: Latina
Vydáno: Coloniae Agripp. : Joannes Wilhelmus Friessem jun., 1692
Témata:
Fyzický popis: 1318, [114] s. ; 2°
Knihy
Uloženo v:
LEADER 01177nam a22003017a 4500
001 mzk03001087552
003 CZ BrMZK
005 20110603155521.0
007 ta
008 040913s1692 gw fr|||||00| ||latod
040 |a BOA001  |b cze  |c BOA001 
072 7 |a 094  |x Staré tisky  |2 Konspekt  |9 12 
080 |a (0.068)094  |2 MRF 
100 1 |a Berchorius, Petrus,  |d asi 1290-asi 1362  |7 ola2002153940  |4 aut 
245 1 0 |a Opera omnia in sex tomos distincta, sive Reductorium, repertorium, et dictionarium morale utriusque Testamenti quadripartitum ... Postrema hac editione correctum ... :  |b tribus tomis distinctum.  |n Tomus 3, Pars altera /  |c Petrus Berchorius 
260 |a Coloniae Agripp. :  |b Joannes Wilhelmus Friessem jun.,  |c 1692 
300 |a 1318, [114] s. ;  |c 2° 
501 |a Přívazek k 1. dílu téhož titulu 
561 |a Provenience: Alexander Galle 
655 7 |a staré tisky  |7 fd422076  |2 czenas 
903 |a RP 
910 |a ZNE450  |b ZD-16.I.1b,přív. 
978 |b Friessem, Johann Wilhelm II.  |a Köln a.R.  |c 1692 
984 |a Kolín nad Rýnem  |b Německo 
985 |a 1651-1700 
990 |a BK 
991 |k znojmo 
994 |a UP  |l MZK03  |b 001087551  |m přívazek  |n záznam 1. díla